Представление документа в формате MARC21

ПолеНазваниеЗначение
  Тип записи a
  Библиографический уровень m
001 Контрольный номер RU\infra-m\znanium\bibl\2236929
005 Дата корректировки 20260429142119.6
008 Кодируемые данные 260120s2025 RU g rus u
020 Индекс ISBN __
a ISBN 978-5-206-00101-3
040 Источник каталогиз. __
a Служба первич. каталог. Общество с ограниченной ответственностью «ЗНАНИУМ»
041 Код языка издания __
a Код языка текста rus
044 Код страны публикации __
a Код страны публикации RU
080 Индекс УДК __
a Индекс УДК 336
084 Индекс другой классификации/Индекс ББК __
2 Источник индекса rubbk
a Индекс другой классификации/Индекс ББК 6526
084 Индекс другой классификации/Индекс ББК __
2 Источник индекса okso
a Индекс другой классификации/Индекс ББК 38.03.01
100 Автор __
a Автор Бриль Г.
q Полное имя Бриль Герман
245 Заглавие __
a Заглавие Устойчивое инвестирование: Навигатор по миру ESG
b Продолж. заглавия Научно-популярная литература
250 Сведения об издании __
a Основные сведения об издании 1
260 Выходные данные __
a Место издания Москва
b Издательство Альпина ПРО
c Дата издания 2026
300 Физическое описание __
a Объем 576 с.
520 Аннотация __
a Аннотация Слияние корпоративной устойчивости и устойчивого инвестирования становится основной движущей силой системных изменений на рынке. Идеи и практики корпоративной устойчивости больше не являются нишевым движением. Инвесторы все чаще обращают внимание на факторы устойчивости в своем анализе и принятии решений тем самым усиливая трансформацию рынка. Высокопоставленные специалисты-практики и научные лидеры в том числе Джон Рагги Фиона Рейнольдс Йохан Рокстр ём и Пол Полман раскрывают что стоит за этими событиями. Книга выходит за рамки стандартных подходов экономической теории к устойчивому инвестированию. В ней подчеркивается что капитализм основанный на более реальном взаимодействии экономики и общества может усилить интеграцию ESG.
521 Примеч. о цел. назн. __
a Примеч. о целев. назн. Дополнительное образование
650 Тематические рубрики __
a Основная рубрика Экономика. Бухгалтерский учет. Финансы
x Основная подрубрика Инвестиции
655 Указ. предметных рубрик (устаревшее) __
a Жанр/ форма (устаревшее) Научно-популярная литература
700 Другие авторы __
a Другие авторы Келл Г.
q Полное имя Келл Георг
700 Другие авторы __
a Другие авторы Раше А.
q Полное имя Раше Андреас
856 Электронный адрес документа 4_
a Имя сервера/домена znanium.ru
m Помощь ebs_support@infra-m.ru
n Местонахождение сервера НИЦ ИНФРА-М
u URL https://znanium.ru/catalog/document?id=474689
856 Электронный адрес документа 48
a Имя сервера/домена znanium.ru
d Путь /cover/2236
f Электронное имя 2236929.jpg
q Тип электронного формата image/jpeg
u URL https://znanium.ru/cover/2236/2236929.jpg
911 __
u 0030=https://znanium.ru/catalog/document?id=474689